[Event "FIN-chT 1011"]
[Site "Finland"]
[Date "2011.02.13"]
[Round "7.5"]
[White "Virtanen, Antti"]
[Black "Maki, Veijo"]
[Result "1-0"]
[WhiteElo "2313"]
[BlackElo "2409"]
[PlyCount "67"]
[EventDate "2010.09.18"]
[EventType "team-tourn"]
[EventRounds "9"]
[EventCountry "FIN"]
[SourceTitle "EXT 2012"]
[Source "ChessBase"]
[SourceDate "2011.11.24"]
[SourceVersion "1"]
[SourceVersionDate "2011.11.24"]
[SourceQuality "1"]
[WhiteTeam "Betfair Aatos"]
[BlackTeam "Tammer Shakki"]
[WhiteTeamCountry "FIN"]
[BlackTeamCountry "FIN"]

1. d4 g6 2. c4 Bg7 3. Nf3 Nf6 4. Nc3 d6 5. g3 0-0 6. Bg2 Nbd7 7. 0-0 e5 8. e4 exd4 9. Nxd4 Re8 10. h3 a6 11. Be3 Rb8 12. b3 Nc5 13. Qc2 Bd7 14. a4 a5 15. Rad1 Qc8 16. Kh2 Re5 17. f3 Rh5 18. h4 Re5 19. Ndb5 Ncxe4 20. Nxe4 Rxe4 21. Ba7 Re5 22. Bxb8 Qxb8 23. Rfe1 Nh5 24. Rxe5 Bxe5 25. f4 Bg7 26. Qe4 Nf6 27. Qxb7 Qe8 28. Qa8 Bc8 29. Nxc7 Ng4+ 30. Kh1 Nf2+ 31. Kg1 Qe3 32. Qxc8+ Bf8 33. Nd5 Qxg3 34. Rf1 1-0

[Event "EU-Cup 26th"]
[Site "Plovdiv"]
[Date "2010.10.21"]
[Round "5.1"]
[White "Sandipan, Chanda"]
[Black "Maki, Veijo"]
[Result "1-0"]
[WhiteElo "2641"]
[BlackElo "2409"]
[PlyCount "159"]
[EventDate "2010.10.17"]
[EventType "team-swiss"]
[EventRounds "7"]
[EventCountry "BUL"]
[SourceTitle "CBM 139"]
[Source "ChessBase"]
[SourceDate "2010.11.18"]
[SourceVersion "1"]
[SourceVersionDate "2010.11.18"]
[SourceQuality "1"]
[WhiteTeam "Solingen"]
[BlackTeam "Tammer Shakki"]
[WhiteTeamCountry "GER"]
[BlackTeamCountry "FIN"]

1. d4 Nf6 2. c4 g6 3. Nc3 d5 4. Nf3 Bg7 5. Qb3 dxc4 6. Qxc4 0-0 7. e4 a6 8. Be2 b5 9. Qb3 c5 10. dxc5 Bb7 11. e5 Nfd7 12. Be3 Nxe5 13. Nxe5 Bxe5 14. Rd1 Qc7 15. Nd5 Bxd5 16. Qxd5 Nc6 17. Bf3 Rac8 18. Qxc6 Qxc6 19. Bxc6 Rxc6 20. Rd2 f5 21. f4 Bf6 22. Kf2 Kf7 23. Rhd1 Rfc8 24. a3 b4 25. a4 R8c7 26. b3 e6 27. Rd7+ Be7 28. Ke2 Ke8 29. Rxc7 Rxc7 30. Rc1 Kd7 31. Kd3 Kc6 32. Kc4 a5 33. Re1 Bf8 34. Bd4 Re7 35. h3 Bh6 36. Be5 Re8 37. g3 Bf8 38. Bd4 Bh6 39. h4 Re7 40. Be5 Re8 41. h5 gxh5 42. Rh1 Bf8 43. Rxh5 h6 44. Bf6 Bxc5 45. Rxh6 Bf2 46. Rg6 Rc8 47. Be5 Kb6+ 48. Kd3 Rc6 49. g4 fxg4 50. Rxg4 Bc5 51. Rg6 Kb7 52. Rg7+ Ka6 53. Rd7 Kb6 54. Rd8 Kb7 55. Ke4 Bb6 56. Rb8+ Ka7 57. Re8 Kb7 58. Rg8 Rc1 59. Rb8+ Ka7 60. Re8 Rc6 61. Re7+ Ka6 62. Bf6 Bc5 63. Re8 Bb6 64. Re7 Bc5 65. Rd7 Bb6 66. Bd4 Bxd4 67. Kxd4 Rc3 68. Rd6+ Kb7 69. Rxe6 Rxb3 70. Re5 Ra3 71. Rxa5 b3 72. Kc3 Kb6 73. Kb2 Ra2+ 74. Kxb3 Rf2 75. Rf5 Rf1 76. Kc4 Kc6 77. a5 Kd6 78. a6 Ra1 79. Rf6+ Ke7 80. Rh6 1-0